| 000 | 00405nam a2200121Ia 4500 | ||
|---|---|---|---|
| 008 | 171212s9999 xx 000 0 und d | ||
| 020 | _a9781783743438 | ||
| 245 |
_ceditor von Kulessa, Rotraud;Seth, Catriona _aL’idée de l’Europe _bau Siècle des Lumières |
||
| 260 |
_bOpen Book Publishers _c2017 |
||
| 440 | _aOpen Book Classics | ||
| 650 | _aHistory | ||
| 856 | _uhttp://jstor.org/stable/j.ctt1sq5vcp | ||
| 999 |
_c351582 _d351582 |
||